Una stanza tutta per sé /
Guardat en:
| Autor principal: | |
|---|---|
| Altres autors: | , |
| Format: | Llibre |
| Idioma: | italià |
| Publicat: |
Milano :
il Saggiatore,
1982
|
| Edició: | 2. ed |
| Col·lecció: | Biblioteca delle Silerchie ;
3 |
| Etiquetes: |
Sense etiquetes, Sigues el primer a etiquetar aquest registre!
|
MARC
| LEADER | 00000nam a22000007i 4500 | ||
|---|---|---|---|
| 001 | IT\ICCU\UBO\1637173 | ||
| 003 | ItRI | ||
| 005 | 20250731130158.0 | ||
| 008 | 030307s1982 it |||||| ||||| |||||c | ||
| 040 | |b ita |c ct | ||
| 041 | 7 | |a ita |2 ISO-639-2 | |
| 082 | |a 824.912 |2 21 | ||
| 100 | 1 | |a Woolf, Virginia |0 IT\ICCU\CFIV\016490 |4 aut | |
| 240 | 1 | 2 | |a A room of one's own |9 Woolf, Virginia |
| 245 | 1 | 4 | |a Una stanza tutta per sé / |c Virginia Woolf ; introduzione di Marisa Bulgheroni ; traduzione di Livio Bacchi Wilcock e J. Rodolfo Wilcock. |
| 250 | |a 2. ed | ||
| 260 | |a Milano : |b il Saggiatore, |c 1982 | ||
| 300 | |a XV, 128 p. ; |c 19 cm. | ||
| 700 | 1 | |a Wilcock, J. Rodolfo |0 IT\ICCU\CFIV\055345 | |
| 700 | 1 | |a Wilcock, Livio Bacchi |0 IT\ICCU\RAVV\028386 | |
| 830 | 0 | |a Biblioteca delle Silerchie ; |v 3 |0 IT\ICCU\CFI\0001663 | |
| 942 | |2 ddc |c BK | ||
| 952 | |0 0 |1 0 |2 ddc |4 0 |6 B_LNR05WOOVISTA11 |7 0 |9 8775 |a MI |b MI |d 2006-10-16 |i 5248 |l 0 |o B-LNR05-WOOVI-STA11 |p CDOM5248 |r 2025-07-17 21:50:35 |w 2025-07-17 |x ACQUISTO |y BK | ||
| 981 | 1 | |6 z01 |a i |b xxxe | |
| 982 | 1 | |6 z01 |a n | |
| 999 | |c 7292 |d 7292 | ||